Judicial review under the Planning Act 2008 (Record no. 81388)
[ view plain ]
| 000 -LEADER | |
|---|---|
| fixed length control field | 01765cab a22003255a 4500 |
| 001 - CONTROL NUMBER | |
| control field | L147113 |
| 008 - FIXED-LENGTH DATA ELEMENTS--GENERAL INFORMATION | |
| fixed length control field | 090402s2009 xxk f v 000 0 eng d |
| 035 ## - SYSTEM CONTROL NUMBER | |
| System control number | (Sirsi) u147113 |
| 041 0# - LANGUAGE CODE | |
| Language code of text/sound track or separate title | eng |
| 100 1# - MAIN ENTRY--PERSONAL NAME | |
| Personal name | Maurici, James |
| 245 00 - TITLE STATEMENT | |
| Title | Judicial review under the Planning Act 2008 |
| 260 ## - PUBLICATION, DISTRIBUTION, ETC. | |
| Date of publication, distribution, etc. | 2009 |
| 490 #0 - SERIES STATEMENT | |
| Series statement | Journal of Planning and Environment Law |
| Volume/sequential designation | 4 2009, 446-451(6) |
| 520 ## - SUMMARY, ETC. | |
| Summary, etc. | Considers the role of the Infrastructure Planning Commission in determining development consent for nationally significant infrastructure projects. Outlines provisions in the Planning Act 2008 for the judicial review of decisions which must be filed within six weeks of the decision being made. Concludes that the 2008 Act will result in a large number of legal challenges to planning decision on major infrastructure projects in future years. |
| 590 ## - LOCAL NOTE (RLIN) | |
| Local note | KA |
| 650 24 - SUBJECT ADDED ENTRY--TOPICAL TERM | |
| Topical term or geographic name entry element | PLANNING ACT 2008 |
| 650 24 - SUBJECT ADDED ENTRY--TOPICAL TERM | |
| Topical term or geographic name entry element | BOVALE LTD V SOS COMMUNITIES AND LOCAL GOVERNMENT |
| 650 24 - SUBJECT ADDED ENTRY--TOPICAL TERM | |
| Topical term or geographic name entry element | R (ON THE APPLICATION OF BUGLIFE - THE INVERTEBRATE CONSERVATION TRUST) V THURROCK THAMES GATEWAY DEVELOPMENT CORPORATION |
| 650 24 - SUBJECT ADDED ENTRY--TOPICAL TERM | |
| Topical term or geographic name entry element | R (ON THE APPLICATION OF BURKETT) V HAMMERSMITH AND FULHAM LBC (NO 1) |
| 650 24 - SUBJECT ADDED ENTRY--TOPICAL TERM | |
| Topical term or geographic name entry element | BOVALE LTD V SOS COMMUNITIES AND LOCAL GOVERNMENT |
| 650 24 - SUBJECT ADDED ENTRY--TOPICAL TERM | |
| Topical term or geographic name entry element | R (ON THE APPLICATION OF EDWARDS) V ENVIRONMENT AGENCY (NO 1) |
| 650 24 - SUBJECT ADDED ENTRY--TOPICAL TERM | |
| Topical term or geographic name entry element | R V SOS TRANSPORT AND ANOTHER EX P CUMMINS |
| 650 24 - SUBJECT ADDED ENTRY--TOPICAL TERM | |
| Topical term or geographic name entry element | R V SOS TRANSPORT EX P MEDWAY |
| 650 24 - SUBJECT ADDED ENTRY--TOPICAL TERM | |
| Topical term or geographic name entry element | R V SOS TRANSPORT EX P WELLS |
| 650 24 - SUBJECT ADDED ENTRY--TOPICAL TERM | |
| Topical term or geographic name entry element | R (ON THE APPLICATION OF GREENPEACE LTD) V SOS TRADE & INDUSTRY |
| 650 24 - SUBJECT ADDED ENTRY--TOPICAL TERM | |
| Topical term or geographic name entry element | R (ON THE APPLICATION OF BARD) V SOS COMMUNITIES AND LOCAL GOVERNMENT |
| 651 #4 - SUBJECT ADDED ENTRY--GEOGRAPHIC NAME | |
| Geographic name | England and Wales |
| Chronological subdivision | 1543- |
| 690 ## - LOCAL SUBJECT ADDED ENTRY--TOPICAL TERM (OCLC, RLIN) | |
| Topical term or geographic name as entry element | ENVIRONMENT AND LAND CONSULTANCY-PLANNING AND DEVELOPMENT |
| 942 ## - ADDED ENTRY ELEMENTS (KOHA) | |
| Suppress in OPAC | 0 |
| Withdrawn status | Lost status | Source of classification or shelving scheme | Damaged status | Not for loan | Home library | Current library | Shelving location | Date acquired | Total Checkouts | Full call number | Barcode | Date last seen | Copy number | Price effective from | Koha item type |
|---|---|---|---|---|---|---|---|---|---|---|---|---|---|---|---|
| Dewey Decimal Classification | London | London | Journal article | 02/04/2009 | L147113 | 147113-1001 | 06/08/2019 | 1 | 06/08/2019 | Journal article |